000 00323nam a2200121Ia 4500
008 190216s9999||||xx |||||||||||||| ||und||
100 _aVasant Desai
245 0 _aProblems And Prospects Of Small Scale Industries In India
260 _bHimalaya Publishing House
_c1983
300 _a338p
650 _aEconomics
942 _cBK
999 _c9616
_d9616